Učebnica modernej a praktickej anglickej obchodnej korešpodencie

Na minha lista:
Detalhes bibliográficos
Formato: Livro
Idioma:inglês
eslovaco
Publicado em: Bratislava Bežo a spol.s.a. [1946]
Tags: Adicionar Tag
Sem tags, seja o primeiro a adicionar uma tag!

MARC

LEADER 00000nam a2200000 4500
001 0268932
005 20240822101713.5
041 0 |a eng 
041 0 |a slo 
044 |a -CS 
245 1 0 |a Učebnica modernej a praktickej anglickej obchodnej korešpodencie  |c Anton Macht 
264 1 |a Bratislava  |b Bežo a spol.s.a.  |c [1946]